[Event "Madurai Athens of the East op-C 4th"]
[Site "Madurai"]
[Date "2024.12.29"]
[Round "4"]
[White "Sathyan, P Muthukrishnan"]
[Black "Mani, Bharathy"]
[Result "0-1"]
[WhiteElo "1696"]
[BlackElo "1798"]
[PlyCount "82"]
[EventDate "2024.12.28"]
[EventType "swiss"]
[EventRounds "9"]
[EventCountry "IND"]
[SourceTitle "CB02_2025"]
[SourceDate "2025.01.08"]
[SourceVersion "1"]
[SourceVersionDate "2025.01.08"]
[SourceQuality "1"]

1. e4 c5 2. Nf3 Nc6 3. d4 cxd4 4. Nxd4 Nf6 5. Nc3 g6 6. Be3 Bg7 7. Be2 d6 8. 0-0 Bd7 9. Kh1 h5 10. f4 Ng4 11. Bg1 a6 12. f5 Nce5 13. fxg6 fxg6 14. Nd5 e6 15. Nf4 Qe7 16. c3 0-0 17. Qb3 Rae8 18. Qxb7 Rb8 19. Qxa6 Ra8 20. Qb7 Rfb8 21. Qc7 Nf6 22. Bc4 Ne8 23. Nxg6 Nxg6 24. Bxe6+ Qxe6 25. Nxe6 Nxc7 26. Nxc7 Ra4 27. Rfd1 Be5 28. b3 Rxe4 29. Rac1 Re2 30. Nd5 Rxa2 31. b4 Bc6 32. c4 Rxb4 33. Ne3 Rbb2 34. c5 Rxg2 35. Nd5 Rgd2 36. Rxd2 Rxd2 37. Be3 Bxd5+ 38. Kg1 Rxh2 39. cxd6 Rh1+ 40. Kf2 Rxc1 41. Bxc1 Bxd6 0-1